Stato e automazione

Zapisane w:
Opis bibliograficzny
1. autor: Losano, Mario G.
Format: Książka
Język:Undetermined
Wydane: Paris Etas Kompass Libri 1974
Hasła przedmiotowe:
Etykiety: Dodaj etykietę
Nie ma etykietki, Dołącz pierwszą etykiete!
Thư viện lưu trữ: Trung tâm Học liệu Trường Đại học Cần Thơ
LEADER 00566nam a2200205Ia 4500
001 CTU_99061
008 210402s9999 xx 000 0 und d
082 |a 621.38 
082 |b L879 
100 |a Losano, Mario G. 
245 0 |a Stato e automazione 
245 0 |c Mario G. Losano 
260 |a Paris 
260 |b Etas Kompass Libri 
260 |c 1974 
650 |a Electronic industries,Industrial policy,Public administration 
650 |x Data processing 
650 |z Japan,Japan 
904 |i Truc 
980 |a Trung tâm Học liệu Trường Đại học Cần Thơ